[Event "11th European Senior"]
[Site "Courmayeur ITA"]
[Date "2011.04.09"]
[Round "4.39"]
[White "De Polzer, Manfredi"]
[Black "Quagliarella, Sabino Remo"]
[Result "0-1"]
[WhiteElo "1697"]
[BlackElo "1889"]
[WhiteFideId "835277"]
[BlackFideId "822469"]
[EventDate "2011.04.06"]

1. d4 e6 2. c4 Nf6 3. Nc3 g6 4. e4 d6 5. Bf4 Bg7 6. Be2 Nbd7 7. e5 dxe5 8. dxe5
Ng8 9. Nf3 Ne7 10. Qd2 O-O 11. Rd1 c6 12. Qd6 Nf5 13. Qd2 Qa5 14. g4 Ne7 15. Bh6
Nxe5 16. Nxe5 Qxe5 17. Bf4 Qa5 18. h4 e5 19. Be3 Be6 20. h5 Rfd8 21. Qc1 Rxd1+
22. Qxd1 Rd8 23. Qc1 b5 24. hxg6 Nxg6 25. cxb5 cxb5 26. Kf1 Bc4 27. a3 Bxe2+ 28.
Kxe2 b4 29. Ne4 Nf4+ 30. Kf3 bxa3 31. bxa3 Qa6 32. Qc7 Qe2+ 33. Kg3 Qd3 34. Ng5
Ne2+ 35. Kf3 Rf8 36. Qxa7 Qd5+ 37. Ne4 Nd4+ 38. Bxd4 exd4 39. Rd1 f5 40. gxf5
Qxf5+ 0-1

[Event "11th European Senior"]
[Site "Courmayeur ITA"]
[Date "2011.04.09"]
[Round "4.40"]
[White "Gulinelli, Evro"]
[Black "Topaloglu, Hayati"]
[Result "0-1"]
[WhiteElo "1658"]
[BlackElo "1881"]
[WhiteFideId "802069"]
[BlackFideId "6310338"]
[EventDate "2011.04.06"]

1. e4 e6 2. d3 d5 3. Nd2 Nf6 4. Ngf3 Be7 5. g3 h6 6. Bg2 c6 7. O-O Nbd7 8. e5
Nh7 9. d4 c5 10. c3 O-O 11. Re1 Qc7 12. Nf1 Re8 13. h4 cxd4 14. cxd4 Nb6 15.
N1h2 Bd7 16. Bf4 Nc4 17. Re2 Rac8 18. b3 Na3 19. Rc1 Qb6 20. Qd2 Rxc1+ 21. Qxc1
Rc8 22. Qb2 Bb5 23. Re1 Rc2 24. Qa1 Bb4 25. Re3 Qc6 26. Bf1 Rc1 27. Qb2 Rb1 28.
Rc3 Qxc3 29. Qxc3 Bxc3 30. Kg2 Nf8 31. h5 Nd7 32. g4 Bxf1+ 33. Nxf1 Rb2 34. g5
hxg5 35. Bxg5 Rxa2 36. Ne3 Nb5 37. Ng4 Nxd4 38. Nh4 Nf5 39. Nf3 f6 40. exf6 gxf6
41. Bc1 Kh7 42. Ng1 d4 0-1

[Event "11th European Senior"]
[Site "Courmayeur ITA"]
[Date "2011.04.09"]
[Round "4.42"]
[White "Lisandri, Luigi"]
[Black "Papa, Angelo"]
[Result "0-1"]
[WhiteElo "1448"]
[BlackElo "1866"]
[WhiteFideId "820377"]
[BlackFideId "812285"]
[EventDate "2011.04.06"]

1. d4 g6 2. c4 Bg7 3. Nf3 d6 4. e3 Nf6 5. Nc3 O-O 6. Be2 Nbd7 7. h3 e5 8. O-O
exd4 9. exd4 b6 10. Re1 Bb7 11. Be3 Re8 12. Qc1 Ne4 13. Nxe4 Bxe4 14. Ng5 Bb7
15. Bf3 Bxf3 16. Nxf3 Nf6 17. Bg5 Qd7 18. Bxf6 Bxf6 19. Qd2 a5 20. b3 a4 21. b4
Qf5 22. Rad1 b5 23. c5 Qd5 24. Rxe8+ Rxe8 25. Re1 Rxe1+ 26. Qxe1 Qxa2 27. cxd6
cxd6 28. Qe8+ Kg7 29. Qxb5 Qb1+ 30. Kh2 a3 31. Nd2 a2 32. Nxb1 axb1=Q 33. Qc4
Qb2 34. b5 Qxd4 35. Qc6 Be5+ 36. g3 Qxf2+ 37. Qg2 Qxg2+ 38. Kxg2 Bd4 39. Kf3 f5
40. Kf4 Kf6 41. h4 h5 42. Kf3 Ke5 43. Ke2 Ke4 44. Kf1 Kf3 0-1

[Event "11th European Senior"]
[Site "Courmayeur ITA"]
[Date "2011.04.09"]
[Round "4.43"]
[White "Ortega Morales, Pedro"]
[Black "Maspero, Alfio"]
[Result "1-0"]
[WhiteElo "1848"]
[BlackElo "1417"]
[WhiteFideId "2253429"]
[BlackFideId "846058"]
[EventDate "2011.04.06"]

1. d4 d5 2. Bf4 Bf5 3. e3 Nd7 4. Bd3 Bg6 5. Bxg6 fxg6 6. Nf3 e6 7. Nbd2 Be7 8.
Qe2 Ngf6 9. g3 O-O 10. Ng5 Rf7 11. Nxf7 Kxf7 12. O-O c5 13. c3 c4 14. e4 Qb6 15.
Rab1 Nh5 16. Be3 Ndf6 17. g4 dxe4 18. Nxc4 Qc7 19. Ne5+ Kg8 20. gxh5 Nxh5 21.
Qg4 Qc8 22. Qxe4 Nf6 23. Qg2 Qf8 24. Rbe1 Rd8 25. Bc1 a5 26. Qxb7 Nd5 27. Nc6
Re8 28. Rxe6 Qf5 29. Nxe7+ Nxe7 30. Rxe7 Rxe7 31. Qxe7 h5 32. Re1 Qh3 1-0

[Event "11th European Senior"]
[Site "Courmayeur ITA"]
[Date "2011.04.09"]
[Round "4.45"]
[White "Elfert, Aleksandr V."]
[Black "Gonzalo Gonzalez, Francisco"]
[Result "1-0"]
[WhiteTitle "IM"]
[WhiteElo "2039"]
[BlackElo "1740"]
[WhiteFideId "4121325"]
[BlackFideId "2252171"]
[EventDate "2011.04.06"]

1. d4 e5 2. dxe5 Nc6 3. Nf3 Qe7 4. Bg5 Qb4+ 5. Nc3 Qxb2 6. Bd2 Bb4 7. Rb1 Qa3 8.
Nd5 Bxd2+ 9. Qxd2 Qxa2 10. Rd1 Kd8 11. Qg5+ Nge7 12. Nxe7 Nxe7 13. Qxg7 Re8 14.
e4 Qa5+ 15. Rd2 Ng6 16. Qf6+ Re7 17. e6 Qb6 18. Ng5 fxe6 19. Be2 e5 20. Nxh7
Qxf6 21. Nxf6 a5 22. g3 a4 23. O-O c6 24. c4 b6 25. Rfd1 Rf7 26. Ng4 Ba6 27. Rd6
Rg7 28. Nf6 b5 29. cxb5 Bxb5 30. Bxb5 cxb5 31. Nxd7 Ke8 32. Nb6 Raa7 33. Rd8+
Kf7 34. Nc8 Kf6 35. R1d6+ Kg5 36. Nxa7 Rxa7 37. h4+ Nxh4 38. gxh4+ Kxh4 39. Rb6
Ra5 40. Kg2 a3 41. Rg6 Kh5 42. Rdg8 1-0

[Event "11th European Senior"]
[Site "Courmayeur ITA"]
[Date "2011.04.09"]
[Round "4.46"]
[White "Benito Alba, Eladio"]
[Black "Centofante, Maria Rosa"]
[Result "1-0"]
[WhiteElo "1775"]
[BlackElo "1619"]
[WhiteFideId "2225050"]
[BlackFideId "834807"]
[EventDate "2011.04.06"]

1. d4 Nf6 2. Nf3 d5 3. c4 c6 4. e3 Bg4 5. Nc3 e6 6. Bd3 Nbd7 7. Qe2 Bb4 8. Bd2
Qc7 9. Rc1 O-O 10. O-O a6 11. a3 dxc4 12. Bxc4 Bd6 13. h3 Bh5 14. e4 Bf4 15.
Rfd1 Bxd2 16. Rxd2 Rfe8 17. Qe3 Bg6 18. e5 Nd5 19. Bxd5 exd5 20. Nxd5 Qd8 21.
Nf4 Nf6 22. Nxg6 hxg6 23. Qb3 Ne4 24. Re2 Nd6 25. e6 Kh8 26. Rce1 Re7 27. exf7
Rxf7 28. Ne5 Rf6 29. Qd3 Qe8 30. Ng4 Qf7 31. Nxf6 gxf6 32. Re7 Qg8 33. R7e6 Re8
34. Rxe8 Nxe8 35. Qe4 Nd6 36. Qh4+ Kg7 37. Re7+ Nf7 38. Rxb7 Qc8 39. Re7 Qd8 40.
Qe4 Kf8 41. Ra7 Kg7 42. Qe6 Qxd4 43. Qd7 Qc4 44. Qc7 Qb3 45. Rxa6 Qxb2 46. Ra7
Qb1+ 47. Kh2 Qb3 48. Qxf7+ Qxf7 49. Rxf7+ Kxf7 1-0

[Event "11th European Senior"]
[Site "Courmayeur ITA"]
[Date "2011.04.09"]
[Round "4.47"]
[White "Breidenbach, Heinz"]
[Black "Weyand, Fernand"]
[Result "0-1"]
[WhiteElo "1548"]
[BlackElo "1845"]
[WhiteFideId "842672"]
[BlackFideId "638633"]
[EventDate "2011.04.06"]

1. d4 d5 2. Nf3 Nf6 3. e3 Bg4 4. c4 e6 5. Qb3 Qc8 6. Ne5 Bf5 7. Nc3 c6 8. cxd5
exd5 9. Be2 Bd6 10. Nf3 Nbd7 11. O-O Qc7 12. h3 h6 13. Re1 g5 14. Bd2 g4 15. Ne5
Bxe5 16. dxe5 Nxe5 17. hxg4 Nexg4 18. f4 Qe7 19. Bf3 O-O-O 20. Rac1 Ne4 21. Nxd5
Qh4 22. Bxe4 Qf2+ 23. Kh1 Bxe4 24. Ne7+ Kc7 25. Ba5+ b6 26. Nd5+ Rxd5 27. Rxc6+
Kxc6 28. Qc4+ Kd7 29. Rg1 Rh5# 0-1

[Event "11th European Senior"]
[Site "Courmayeur ITA"]
[Date "2011.04.09"]
[Round "4.49"]
[White "Pintauro, Antonello"]
[Black "Brugnolo, Paolo"]
[Result "1-0"]
[WhiteElo "1616"]
[BlackElo "1498"]
[WhiteFideId "878685"]
[BlackFideId "834408"]
[EventDate "2011.04.06"]

1. d4 d5 2. c4 Nf6 3. Nc3 e6 4. Bg5 c5 5. dxc5 Bxc5 6. cxd5 Qb6 7. e3 Qxb2 8.
Qc1 Qb6 9. Bxf6 gxf6 10. Bb5+ Kf8 11. Nge2 Bb4 12. O-O exd5 13. Nxd5 Qxb5 14.
Qxc8+ Qe8 15. Qxe8+ Kxe8 16. Nxb4 Nd7 17. Rac1 Ke7 18. Nd5+ Kd6 19. Rfd1 Ke5 20.
Nc7 Rad8 21. Rd5+ 1-0

[Event "11th European Senior"]
[Site "Courmayeur ITA"]
[Date "2011.04.09"]
[Round "4.50"]
[White "Luebbers, Doris"]
[Black "Bogatto, Mario"]
[Result "1/2-1/2"]
[WhiteElo "1602"]
[BlackElo "1446"]
[WhiteFideId "24630080"]
[BlackFideId "820369"]
[EventDate "2011.04.06"]

1. d4 d5 2. Bf4 Nf6 3. e3 e6 4. h3 Bd6 5. Bxd6 Qxd6 6. c3 a6 7. Nf3 Nbd7 8. Be2
c6 9. Nbd2 b6 10. O-O Bb7 11. c4 O-O 12. Rc1 Rac8 13. a3 c5 14. cxd5 exd5 15. a4
c4 16. Rc3 b5 17. axb5 axb5 18. Rc1 Ra8 19. Qc2 h6 20. b3 Ra6 21. bxc4 bxc4 22.
Ra1 Rfa8 23. Qc3 1/2-1/2

[Event "11th European Senior"]
[Site "Courmayeur ITA"]
[Date "2011.04.10"]
[Round "5.3"]
[White "Plachetka, Jan"]
[Black "Kupreichik, Viktor D"]
[Result "1/2-1/2"]
[WhiteTitle "GM"]
[BlackTitle "GM"]
[WhiteElo "2355"]
[BlackElo "2431"]
[WhiteFideId "14900068"]
[BlackFideId "13500066"]
[EventDate "2011.04.06"]

1. d4 Nf6 2. c4 e6 3. Nc3 Bb4 4. e3 O-O 5. Bd3 d5 6. a3 Bxc3+ 7. bxc3 c5 8. Ne2
Nc6 9. cxd5 exd5 10. O-O Re8 11. Ng3 Ne7 12. f3 h5 13. Ra2 h4 1/2-1/2

[Event "11th European Senior"]
[Site "Courmayeur ITA"]
[Date "2011.04.10"]
[Round "5.4"]
[White "Strutinskaya, Galina N"]
[Black "Mishuchkov, Nikolai M."]
[Result "1/2-1/2"]
[WhiteTitle "WIM"]
[BlackTitle "FM"]
[WhiteElo "2269"]
[BlackElo "2408"]
[WhiteFideId "4108558"]
[BlackFideId "4102401"]
[EventDate "2011.04.06"]

1. d4 Nf6 2. c4 g6 3. Nc3 d5 4. Bg5 Ne4 5. Bf4 Nxc3 6. bxc3 dxc4 7. Qa4+ Nc6 8.
e3 Bg7 9. Bxc4 O-O 10. Nf3 Qe8 11. Bb5 Bd7 12. O-O a6 13. Bxc6 Bxc6 14. Qd1 Bd5
15. Bxc7 Qc6 16. Ba5 b6 17. Bb4 Rfe8 18. Qd2 Bxf3 19. gxf3 Qxf3 20. Qd1 Qh3 21.
Qe2 a5 22. Ba3 e5 23. Rfd1 Rac8 24. Rac1 b5 25. Qxb5 Qg4+ 26. Kf1 Qh3+ 27. Kg1
Qg4+ 28. Kf1 Qh3+ 29. Kg1 Qg4+ 1/2-1/2

[Event "11th European Senior"]
[Site "Courmayeur ITA"]
[Date "2011.04.10"]
[Round "5.5"]
[White "Suba, Mihai"]
[Black "Khmiadashvili, Tamar"]
[Result "1-0"]
[WhiteTitle "GM"]
[BlackTitle "WGM"]
[WhiteElo "2465"]
[BlackElo "2194"]
[WhiteFideId "1203363"]
[BlackFideId "13600346"]
[EventDate "2011.04.06"]

1. c4 e5 2. g3 Nc6 3. Nc3 f5 4. e3 Nf6 5. Bg2 Bb4 6. Nd5 O-O 7. a3 Bd6 8. Ne2 e4
9. Nxf6+ Qxf6 10. d4 exd3 11. Qxd3 Kh8 12. O-O Ne5 13. Qc2 c6 14. b3 Bc7 15. Bb2
Qh6 16. Rad1 d6 17. Rd4 Qh5 18. Rfd1 f4 19. Nxf4 Nf3+ 20. Bxf3 Qxf3 21. Qe4 Qxe4
22. Rxe4 Bg4 23. Ng6+ hxg6 24. Rxg4 Kh7 25. Re4 Rae8 26. Rdd4 Kg8 27. Kg2 c5 28.
Rxe8 Rxe8 29. Rd5 Kf7 30. Kf3 a6 31. Ke2 b5 32. Kd3 bxc4+ 33. bxc4 Rb8 34. Kc2
a5 35. h4 a4 36. Rd1 Rh8 37. Bc3 Rh5 38. f4 Ke6 39. e4 Rh7 40. Rb1 Bd8 41. Kd3
Bf6 42. Rb7 Rh8 43. Be1 Bd4 44. g4 g5 45. f5+ Kf6 46. h5 Re8 47. Bd2 Be5 48. Rb6
Rc8 49. Be3 Rc7 50. Rb8 Rd7 51. Bd2 Ra7 52. Bc1 Rd7 53. Rf8+ Ke7 54. Ra8 Rb7 55.
Bxg5+ Kf7 56. Bd8 Rb3+ 57. Kc2 Rxa3 58. g5 Rc3+ 59. Kd2 Rh3 60. g6+ Ke8 61. Bf6+
Kd7 62. Bxe5 dxe5 63. f6 Rh2+ 64. Ke3 1-0

[Event "11th European Senior"]
[Site "Courmayeur ITA"]
[Date "2011.04.10"]
[Round "5.7"]
[White "Werner, Clemens"]
[Black "Jackson, Oliver A"]
[Result "1-0"]
[WhiteTitle "FM"]
[WhiteElo "2353"]
[BlackElo "2186"]
[WhiteFideId "4604636"]
[BlackFideId "403156"]
[EventDate "2011.04.06"]

1. e4 c5 2. Nf3 e6 3. c3 Nf6 4. e5 Nd5 5. Bc4 d6 6. d4 cxd4 7. cxd4 Be7 8. O-O
O-O 9. Qe2 Nc6 10. Bd2 Qb6 11. Nc3 Nxc3 12. Bxc3 dxe5 13. dxe5 Bd7 14. Rfd1 Rfd8
15. Bd3 Nb4 16. Bxb4 Qxb4 17. Qe4 Qxe4 18. Bxe4 Rac8 19. h3 h6 20. Rd2 Bc6 21.
Rxd8+ Bxd8 22. Rc1 Bb6 23. Bxc6 bxc6 24. Kf1 Kf8 25. Ke2 Ke7 26. b3 Kd7 27. Rd1+
Kc7 28. Rd3 Rd8 29. Rxd8 Kxd8 30. Nd2 Kd7 31. f3 Bd4 32. Nc4 f6 33. exf6 gxf6
34. g4 c5 35. Kd3 Kc6 36. Ke4 Bc3 37. h4 Be1 38. h5 a5 39. f4 Bc3 40. Kd3 Be1
41. g5 fxg5 42. fxg5 Bh4 43. gxh6 Kd5 44. Ne3+ Kd6 45. Ng4 Kd5 1-0

[Event "11th European Senior"]
[Site "Courmayeur ITA"]
[Date "2011.04.10"]
[Round "5.8"]
[White "Estrada Martinez, Cesar"]
[Black "Vikulov, Alexander"]
[Result "1-0"]
[BlackTitle "FM"]
[WhiteElo "2193"]
[BlackElo "2316"]
[WhiteFideId "2210649"]
[BlackFideId "4121937"]
[EventDate "2011.04.06"]

1. Nf3 g6 2. c4 Bg7 3. Nc3 e5 4. d4 exd4 5. Nxd4 Nc6 6. Nc2 f5 7. Bd2 Nf6 8. g3
Ne5 9. Ne3 d6 10. Bg2 c6 11. O-O Be6 12. Qa4 O-O 13. b3 Ned7 14. Rad1 Nh5 15.
Nc2 Qe7 16. Qa3 Nc5 17. e3 Bd7 18. b4 Ne4 19. Be1 Be6 20. Nxe4 fxe4 21. Bxe4 Bh3
22. Bd3 Qf6 23. Be2 Bxf1 24. Bxf1 Rfd8 25. Nd4 c5 26. bxc5 dxc5 27. Qxc5 Bf8 28.
Qb5 Qb6 29. Rb1 Qxb5 30. Rxb5 Nf6 31. Bg2 Rac8 32. Bh3 Rb8 33. Kg2 Rd6 34. Ne6
Rb6 35. Rxb6 axb6 36. Bc3 Ne4 37. Bd4 Ra8 38. Nc7 1-0

[Event "11th European Senior"]
[Site "Courmayeur ITA"]
[Date "2011.04.10"]
[Round "5.9"]
[White "Rooze, Jan"]
[Black "Iudicello, Giovanni"]
[Result "1/2-1/2"]
[WhiteTitle "FM"]
[WhiteElo "2315"]
[BlackElo "2180"]
[WhiteFideId "200050"]
[BlackFideId "804738"]
[EventDate "2011.04.06"]

1. e4 e5 2. Nf3 Nc6 3. Bb5 a6 4. Ba4 Nf6 5. O-O Be7 6. Re1 b5 7. Bb3 d6 8. c3
O-O 9. h3 Na5 10. Bc2 c5 11. d4 Qc7 12. Nbd2 Bd7 13. Nf1 cxd4 14. cxd4 Rfc8 15.
Ne3 Nc6 16. dxe5 Nxe5 17. Nd4 Bf8 18. Bb3 Nc4 19. Nxc4 bxc4 20. Bc2 Qc5 21. Be3
Qh5 22. Qxh5 Nxh5 23. Bd2 Rab8 24. Bc3 Nf4 25. Rad1 g6 26. Ne2 Nxe2+ 27. Rxe2
Be6 28. f4 f5 29. g4 fxe4 30. Bxe4 Bf7 31. f5 Re8 32. Rde1 Bh6 33. h4 Bf4 34.
fxg6 hxg6 35. Bc6 Rb6 36. Bxe8 Be5 37. Bxe5 dxe5 38. Bd7 Kf8 39. g5 Ke7 40. Bg4
Kd6 41. Bf3 Rb4 42. Be4 Kc5 43. h5 gxh5 44. Bh7 Bd5 45. g6 Rb7 46. Rxe5 Rxb2 47.
Bg8 Rg2+ 48. Kf1 Rxg6 49. Bxd5 Rf6+ 50. Ke2 h4 51. Rh5 Kd4 52. Bg8 Rf4 53. Kd2
Rf2+ 54. Kc1 Rh2 55. Rf5 Rxa2 1/2-1/2

[Event "11th European Senior"]
[Site "Courmayeur ITA"]
[Date "2011.04.10"]
[Round "5.10"]
[White "Hohler, Peter"]
[Black "Gruzmann, Boris"]
[Result "1/2-1/2"]
[WhiteTitle "FM"]
[BlackTitle "FM"]
[WhiteElo "2144"]
[BlackElo "2281"]
[WhiteFideId "1300296"]
[BlackFideId "4105290"]
[EventDate "2011.04.06"]

1. d4 Nf6 2. Nf3 g6 3. c3 Bg7 4. Bg5 Ne4 5. Bf4 c5 6. e3 cxd4 7. exd4 O-O 8.
Nbd2 d5 9. Bd3 Nd6 10. O-O Nc6 11. Re1 Bf5 12. Bxf5 Nxf5 13. Qb3 b6 14. Nf1 Re8
15. Ne3 Nxe3 16. Rxe3 Na5 17. Qc2 Nc4 18. Re2 Rc8 19. Rae1 e6 20. Qc1 a5 21. Bg5
Bf6 22. Bxf6 1/2-1/2

[Event "11th European Senior"]
[Site "Courmayeur ITA"]
[Date "2011.04.10"]
[Round "5.11"]
[White "Gardi, Giuseppe"]
[Black "Lederman, Leon"]
[Result "0-1"]
[BlackTitle "IM"]
[WhiteElo "2061"]
[BlackElo "2266"]
[WhiteFideId "811211"]
[BlackFideId "2800403"]
[EventDate "2011.04.06"]

1. d4 Nf6 2. Nf3 e6 3. e3 b6 4. Bd3 Bb7 5. Nbd2 d5 6. O-O c5 7. c3 Be7 8. a3 O-O
9. b4 Nbd7 10. Re1 Qc7 11. Bb2 e5 12. e4 exd4 13. cxd4 dxe4 14. Nxe4 cxb4 15.
Neg5 bxa3 16. Rxe7 axb2 17. Rb1 Rae8 18. Rxe8 Rxe8 19. Rxb2 h6 20. Rc2 Qd6 21.
Nh3 Bxf3 22. gxf3 Nd5 23. Be4 N7f6 24. Re2 Nc3 25. Bh7+ Kxh7 26. Qc2+ g6 27.
Rxe8 Nxe8 28. Qxc3 Nf6 29. Qd3 Nd5 30. Qb3 Qe6 31. Qa2 a5 32. f4 Kg7 33. Qb3 a4
34. Qf3 b5 35. Kg2 b4 36. Ng1 a3 0-1

[Event "11th European Senior"]
[Site "Courmayeur ITA"]
[Date "2011.04.10"]
[Round "5.13"]
[White "Timoscenko, Gennadij"]
[Black "Miednikova, Swietlana"]
[Result "1-0"]
[WhiteTitle "GM"]
[BlackTitle "WFM"]
[WhiteElo "2502"]
[BlackElo "2169"]
[WhiteFideId "14901536"]
[BlackFideId "4109961"]
[EventDate "2011.04.06"]

1. d4 e6 2. c4 f5 3. g3 Nf6 4. Bg2 d5 5. Qc2 c6 6. Nh3 Bd6 7. O-O O-O 8. Bf4 Qe7
9. Nd2 b6 10. Rac1 Ne4 11. Nxe4 fxe4 12. Bxd6 Qxd6 13. f3 exf3 14. Ng5 g6 15.
Rxf3 Rxf3 16. Bxf3 Bd7 17. e4 dxe4 18. Qxe4 Na6 19. Bg4 Nc7 20. Rf1 e5 21. Nf7
Qe7 22. Bxd7 Rf8 23. Nxe5 Rxf1+ 24. Kxf1 1-0

[Event "11th European Senior"]
[Site "Courmayeur ITA"]
[Date "2011.04.10"]
[Round "5.14"]
[White "Chernikov, Oleg L"]
[Black "Kratschmer, Heinz"]
[Result "1-0"]
[WhiteTitle "GM"]
[WhiteElo "2438"]
[BlackElo "2161"]
[WhiteFideId "4103289"]
[BlackFideId "1606670"]
[EventDate "2011.04.06"]

1. Nf3 g6 2. g3 Bg7 3. Bg2 d5 4. c4 c6 5. Qc2 e5 6. d3 Ne7 7. e4 O-O 8. exd5
cxd5 9. O-O Nbc6 10. Bd2 dxc4 11. dxc4 Bf5 12. Qc1 Bd3 13. Rd1 e4 14. Bc3 Qb6
15. Bxg7 Kxg7 16. Ne1 Nd4 17. Qd2 Ne2+ 18. Kh1 Qxf2 19. Nxd3 exd3 20. Nc3 Rad8
21. Nd5 Nf5 22. Qxd3 Rfe8 23. Rf1 Nfxg3+ 24. hxg3 Nxg3+ 25. Kh2 Nxf1+ 26. Rxf1
Qxb2 27. Qf3 f5 28. Kh1 Re4 29. Qg3 Rxc4 30. Rxf5 Rc1+ 31. Kh2 Qxa2 32. Qe5+ Kh6
33. Rh5+ 1-0

[Event "11th European Senior"]
[Site "Courmayeur ITA"]
[Date "2011.04.10"]
[Round "5.16"]
[White "Peretz, Malkiel"]
[Black "Nickl, Klaus"]
[Result "1/2-1/2"]
[WhiteTitle "FM"]
[WhiteElo "2255"]
[BlackElo "2140"]
[WhiteFideId "2800446"]
[BlackFideId "1601024"]
[EventDate "2011.04.06"]

1. e4 e5 2. Nf3 Nc6 3. Bc4 Nf6 4. d4 exd4 5. e5 Ng4 6. O-O d6 7. exd6 Bxd6 8.
Re1+ Kf8 9. h3 Nge5 10. Bb3 Qf6 11. Ng5 h6 12. Ne4 Qg6 13. Kh1 Bf5 14. Nxd6 cxd6
15. f4 Bxh3 16. gxh3 Qg3 17. Bd5 Qxh3+ 18. Kg1 Qg3+ 19. Bg2 Nf3+ 20. Qxf3 Qxe1+
21. Qf1 Re8 22. Bd2 Qxf1+ 1/2-1/2

[Event "11th European Senior"]
[Site "Courmayeur ITA"]
[Date "2011.04.10"]
[Round "5.17"]
[White "Serra Olives, Tomas"]
[Black "Schwertel, Johann"]
[Result "1-0"]
[WhiteTitle "FM"]
[WhiteElo "2208"]
[BlackElo "2026"]
[WhiteFideId "2203774"]
[BlackFideId "4646487"]
[EventDate "2011.04.06"]

1. e4 d5 2. exd5 Qxd5 3. Nc3 Qe5+ 4. Nge2 c6 5. d4 Qc7 6. Bf4 Qd8 7. Qd2 e6 8.
Ne4 Nf6 9. Nxf6+ Qxf6 10. Bg5 Qg6 11. O-O-O h6 12. Bf4 Nd7 13. Ng3 Nb6 14. Bd3
f5 15. Rde1 Kf7 16. Be2 h5 17. Qd1 h4 18. Bh5 Rxh5 19. Nxh5 Nd5 20. Be5 Qh6+ 21.
Kb1 g6 22. c4 gxh5 23. cxd5 exd5 24. f4 Bd7 25. Re3 Qg6 26. Qe2 Re8 27. h3 a6
28. Rg1 Be7 29. Qe1 Rg8 30. Bc7 Qf6 31. Qe2 Kf8 32. Qxh5 Qxd4 33. Rge1 Rxg2 34.
Be5 Qd2 35. Bg7+ Rxg7 36. Qh8+ Rg8 37. Qh6+ Rg7 38. Rxe7 Qd3+ 39. Ka1 1-0

[Event "11th European Senior"]
[Site "Courmayeur ITA"]
[Date "2011.04.10"]
[Round "5.18"]
[White "Van Oosten, Arend"]
[Black "Weisenburger, Horst"]
[Result "1/2-1/2"]
[WhiteElo "2170"]
[BlackElo "2179"]
[WhiteFideId "1006053"]
[BlackFideId "4654536"]
[EventDate "2011.04.06"]

1. e4 d5 2. exd5 Qxd5 3. d4 e5 4. dxe5 Qxd1+ 5. Kxd1 Nc6 6. Bf4 Bc5 7. Bg3 Bd4
8. Nc3 Bxe5 9. Nf3 Bg4 10. Be2 O-O-O+ 11. Kc1 Bxg3 12. hxg3 Nf6 13. b3 Rhe8 14.
Kb2 Bxf3 15. Bxf3 Rd2 16. Bxc6 bxc6 17. Raf1 h6 18. Kc1 Red8 1/2-1/2

[Event "11th European Senior"]
[Site "Courmayeur ITA"]
[Date "2011.04.10"]
[Round "5.19"]
[White "Zhelesny, Stanislav"]
[Black "Thieme, Hans"]
[Result "1/2-1/2"]
[WhiteTitle "FM"]
[WhiteElo "2172"]
[BlackElo "2101"]
[WhiteFideId "4115244"]
[BlackFideId "24612561"]
[EventDate "2011.04.06"]

1. Nf3 Nf6 2. g3 b6 3. Bg2 Bb7 4. O-O c5 5. c4 e6 6. Nc3 Be7 7. d4 cxd4 8. Nxd4
Bxg2 9. Kxg2 a6 10. Kg1 Qc7 11. Qd3 O-O 12. b3 Rd8 13. Bb2 Qb7 14. Rad1 d6 15.
Qf3 Qxf3 16. exf3 Bf8 17. f4 g6 18. Na4 Nbd7 19. Rfe1 Rac8 1/2-1/2

[Event "11th European Senior"]
[Site "Courmayeur ITA"]
[Date "2011.04.10"]
[Round "5.20"]
[White "Bondick, Karl-Heinz"]
[Black "Norman, Kenneth I"]
[Result "1/2-1/2"]
[BlackTitle "CM"]
[WhiteElo "2155"]
[BlackElo "2172"]
[WhiteFideId "4692071"]
[BlackFideId "402419"]
[EventDate "2011.04.06"]

1. d4 Nf6 2. c4 g6 3. Nc3 d5 4. f3 Bg7 5. e4 dxe4 6. fxe4 e5 7. d5 O-O 8. Nf3
Bg4 9. Be2 Bxf3 10. Bxf3 Nbd7 11. Bg5 c6 12. Qd2 Qa5 13. a3 c5 14. O-O a6 15.
Rfb1 Qc7 16. Be2 Rfb8 17. b4 Qd6 18. b5 a5 19. Rf1 b6 20. Qe1 h6 21. Bd2 Rf8 22.
Qh4 h5 23. Rf2 Rae8 24. Raf1 Nh7 25. g4 Bf6 26. g5 Bg7 27. Kh1 f6 28. gxf6 Rxf6
29. Rxf6 Ndxf6 30. Qg3 Nf8 31. Bg5 N6h7 32. Bh4 Rb8 33. Nd1 Rb7 34. Ne3 Rf7 35.
Rg1 Kh8 36. Bxh5 gxh5 37. Nf5 Qd7 38. d6 Rxf5 39. exf5 Qf7 40. Be7 Nd7 41. Qg2
Bf6 42. Qa8+ Nhf8 43. Bxf8 Qxf8 44. Qd5 Bg7 45. Qe6 Qa8+ 46. Rg2 Qf3 47. Qxd7
Qf1+ 1/2-1/2

[Event "11th European Senior"]
[Site "Courmayeur ITA"]
[Date "2011.04.10"]
[Round "5.22"]
[White "Barlocco, Carlo"]
[Black "Kayaman, Metin"]
[Result "1-0"]
[WhiteTitle "FM"]
[WhiteElo "2162"]
[BlackElo "1973"]
[WhiteFideId "802450"]
[BlackFideId "6301185"]
[EventDate "2011.04.06"]

1. e4 d6 2. d4 Nf6 3. Nc3 g6 4. Bg5 Bg7 5. e5 Nfd7 6. exd6 cxd6 7. Nf3 Nc6 8.
Qd2 O-O 9. Be2 Nf6 10. d5 Nb4 11. a3 Na6 12. O-O Nc5 13. Qe3 h6 14. Bxf6 exf6
15. Rfe1 f5 16. Bf1 Bd7 17. Nd2 Na4 18. Nxa4 Bxa4 19. c3 Re8 20. Qf4 Qd7 21. Qb4
Rxe1 22. Rxe1 Bc2 23. f3 Re8 24. Rc1 h5 25. Rxc2 Re1 26. Qh4 Qe8 27. Ne4 Ra1 28.
Nxd6 Qe3+ 29. Qf2 Qd3 30. Qe1 Qxd5 31. Rd2 Qc5+ 32. Qf2 Qc6 33. Qe3 Qa6 34. Qe8+
Kh7 35. Qb5 Bh6 36. Rd3 Be3+ 37. Rxe3 Qxd6 38. Qd3 Qb6 39. Qd4 Qxb2 40. Re8
Rxf1+ 41. Kxf1 Qb5+ 42. Re2 1-0